Catalog

Record Details

Catalog Search



We're going on a bear hunt / producers, Norton ... Read More

Herrick, Norton,(film producer.). Harrison, Joanna,(film director.). ... Read More

Available copies

  • 3 of 3 copies available at LARL/NWRL Consortium.

Current holds

0 current holds with 3 total copies.

Show Only Available Copies
Location Call Number / Copy Notes Barcode Shelving Location Status Due Date
Godel Memorial-Warren Library DVD j WER (Text) 35500005581473 Main Available -
Hallock Public Library DVD j WER (Text) 35500005581457 Main Available -
Red Lake Falls Public Library DVD j WER (Text) 35500005581465 Main Available -

Record details

  • ISBN: 9781531703431
  • ISBN: 1531703437
  • Physical Description: 1 videodisc (24 min.) : sound, color ; 4 3/4 in.
  • Publisher: [United States] : PBS Distribution, [2018]

Content descriptions

General Note:
Title from web page.
Special features: Three featurette segments "Painting the Bear Hunt" ; We're going on a Bear Hunt ... Read More
Participant or Performer Note:
Voices, Olivia Colman, Mark Williams, Pam Ferris.
Summary, etc.:
Based on the bestselling children's book by ... Read More
Target Audience Note:
Rating: TVY.
System Details Note:
DVD.
Language Note:
English dialogue; English subtitles.
Subject: Rosen, Michael, 1946- > Film adaptations.
Rosen, Michael, 1946-
Families > Juvenile films.
Bear hunting > Juvenile films.
Families > Drama.
Bear hunting > Drama.
Bear hunting.
Families.
Genre: Short films.
Children's films.
Animated films.
Film adaptations.
Animated films.
Children's films.
Film adaptations.
Juvenile works.
Short films.
LDR 03191cgm a2200721Ki 4500
001277551
003LARL_NWRL_CONSORTIUM
00520180213141240.0
008180103s2018 xxu024 j vaeng d
007vd cvaizu
040 . ‡aTEFMT ‡beng ‡erda ‡cTEFMT ‡dOCLCO ‡dTEF ‡dOCLCO ‡dOQX ‡dOCLCF
020 . ‡a9781531703431
020 . ‡a1531703437
0241 . ‡a841887035163
02842. ‡aWGBH601 ‡bPBS Distribution
035 . ‡a(OCoLC)1017737984
037 . ‡bMidwest Tape ‡nhttp://www.midwesttapes.com
0411 . ‡aeng ‡jeng ‡heng
08204. ‡a791.43/72 ‡223
24500. ‡aWe're going on a bear hunt / ‡cproducers, Norton Herrick [and four others] ; writer, Joanna Harrison.
2463 . ‡aWe are going on a bear hunt
264 1. ‡a[United States] : ‡bPBS Distribution, ‡c[2018]
300 . ‡a1 videodisc (24 min.) : ‡bsound, color ; ‡c4 3/4 in.
336 . ‡atwo-dimensional moving image ‡btdi ‡2rdacontent
337 . ‡avideo ‡bv ‡2rdamedia
338 . ‡avideodisc ‡bvd ‡2rdacarrier
344 . ‡adigital ‡boptical ‡2rda
347 . ‡avideo file ‡bDVD video ‡2rda
380 . ‡aChildrens films. ‡2lcgft
538 . ‡aDVD.
546 . ‡aEnglish dialogue; English subtitles.
500 . ‡aTitle from web page.
500 . ‡aSpecial features: Three featurette segments "Painting the Bear Hunt" ; We're going on a Bear Hunt "The making of".
5110 . ‡aVoices, Olivia Colman, Mark Williams, Pam Ferris.
5218 . ‡aRating: TVY.
520 . ‡aBased on the bestselling children's book by Michael Rosen and Helen Oxenbury. the story follows siblings Stan, Katie, Rosie, Max, the baby, and Rufus the dog, who decide one day to go on an adventure through whirling snowstorms, oozing mud, and dark forests in search of bears. But when Rosie and Rufus become separated from the rest of the family, it looks like bear hunting might not be quite as fun after all.
60010. ‡aRosen, Michael, ‡d1946- ‡vFilm adaptations.
60017. ‡aRosen, Michael, ‡d1946- ‡2fast ‡0(LARL_NWRL_CONSORTIUM)87070
650 0. ‡aFamilies ‡vJuvenile films.
650 0. ‡aBear hunting ‡vJuvenile films.
650 1. ‡aFamilies ‡vDrama. ‡0(LARL_NWRL_CONSORTIUM)164935
650 1. ‡aBear hunting ‡vDrama.
650 7. ‡aBear hunting. ‡2fast ‡0(LARL_NWRL_CONSORTIUM)14763
650 7. ‡aFamilies. ‡2fast ‡0(LARL_NWRL_CONSORTIUM)175985
655 7. ‡aShort films. ‡2lcgft ‡0(LARL_NWRL_CONSORTIUM)175637
655 7. ‡aChildren's films. ‡2lcgft ‡0(LARL_NWRL_CONSORTIUM)175624
655 7. ‡aAnimated films. ‡2lcgft ‡0(LARL_NWRL_CONSORTIUM)175704
655 7. ‡aFilm adaptations. ‡2lcgft ‡0(LARL_NWRL_CONSORTIUM)175712
655 7. ‡aAnimated films. ‡2fast ‡0(LARL_NWRL_CONSORTIUM)175704
655 7. ‡aChildren's films. ‡2fast ‡0(LARL_NWRL_CONSORTIUM)175624
655 7. ‡aFilm adaptations. ‡2fast ‡0(LARL_NWRL_CONSORTIUM)175712
655 7. ‡aJuvenile works. ‡2fast
655 7. ‡aShort films. ‡2fast ‡0(LARL_NWRL_CONSORTIUM)175637
7001 . ‡aHerrick, Norton, ‡efilm producer.
7001 . ‡aHarrison, Joanna, ‡efilm director. ‡0(LARL_NWRL_CONSORTIUM)113107
7001 . ‡aColman, Olivia, ‡evoice actor. ‡0(LARL_NWRL_CONSORTIUM)215185
7001 . ‡aWilliams, Mark, ‡d1959- ‡evoice actor. ‡0(LARL_NWRL_CONSORTIUM)146830
7001 . ‡aFerris, Pam, ‡evoice actor. ‡0(LARL_NWRL_CONSORTIUM)146859
7001 . ‡iMotion picture adaptation of (work): ‡aRosen, Michael, ‡d1946- ‡tWe're going on a bear hunt.
7102 . ‡aPBS Distribution (Firm), ‡epublisher. ‡0(LARL_NWRL_CONSORTIUM)216631
901 . ‡a277551 ‡bOCoLC ‡c277551 ‡tbiblio ‡soclc

Additional Resources